Somewhere I Belong - Linkin Park (Lyrics) - Statistics

General Stats
  • This quiz has been taken 107 times
  • The average score is 29 of 47
Answer Stats
Lyrics % Correct
And I've got {nothing} to say
90%
I had {nothing} to say
90%
Somewhere I {belong}
83%
Somewhere I {belong}
83%
Somewhere I {belong}
83%
Somewhere I {belong}
83%
Somewhere I {belong} (x2)
83%
(I was {confused)}
78%
(I was {confused})
78%
(I wanna {heal}, I wanna feel like I'm)
75%
(I wanna {heal}, I wanna feel like I'm)
75%
I wanna let go of the {pain} I've felt so long
74%
I wanna let go of the {pain} I've felt so long
74%
I wanna let go of the {pain} I've felt so long
74%
I wanna {heal}, I wanna {feel} like I'm close to something {real}
70%
I wanna {heal}, I wanna {feel} like I'm close to something {real}
70%
I wanna {heal}, I wanna {feel} like I'm close to something {real}
70%
I wanna {heal}, I wanna {feel} what I thought was never {real}
70%
I wanna {heal}, I wanna {feel} what I thought was never {real}
70%
I wanna {heal}, I wanna {feel} what I thought was never {real}
70%
(Nothing to {lose})
70%
(Nothing to {lose})
70%
(When this {began})
70%
That I'm not the only {person} with these things in {mind}
63%
And I let it all out to {find}
60%
I wanna find {something} I've {wanted} all along
60%
I wanna find {something} I've {wanted} all along
60%
I wanna find {something} I've {wanted} all along
60%
And I get {lost} in the {nothingness} inside of me
54%
And the {fault} is my own, and the {fault} is my own
53%
And the {fault} is my own, and the {fault} is my own
53%
({Erase} all the {pain} 'til it's gone)
48%
({Erase} all the {pain} 'til it's gone)
48%
({Erase} all the {pain} 'til it's gone)
48%
I can't {believe} I didn't fall right down on my {face}
46%
I will never be anything 'til I {break} away from me
46%
Just {stuck}, {hollow} and {alone}
46%
That it's not the way I had {imagined} it all in my mind
46%
What do I have but {negativity}
45%
Is the only real {thing} that I've got left to {feel}
44%
Looking {everywhere} only to find
44%
I will never know {myself} until I do this on my {own}
43%
But all that they can see the words {revealed}
41%
I will {break} away, I'll find myself {today}
41%
'Cause I can't {justify} the way, everyone is {looking} at me
39%
And I will never {feel} anything else, until my {wounds} are {healed}
35%
Nothing to {gain}, {hollow} and {alone}
34%
No matching quizzes found
Score Distribution
Percent of People with Each Score
Percentile by Number Answered
Your Score History
You have not taken this quiz